| 000 | 00876nam a2200265 i 4500 | ||
|---|---|---|---|
| 001 | 92545 | ||
| 003 | ES-MaACL | ||
| 005 | 20230914143502.0 | ||
| 007 | t| | ||
| 008 | 050310s1978 sp ||||1| spa d | ||
| 100 | 1 |
_aLipkin, Boris lul`evich. _972494 |
|
| 245 | 1 | 0 |
_aInstalaciones y equipo eléctrico para la industria / _cB. Yu Lipkin; [traducción Joaquin Purroy Compte, Ramón Soliva Gasa]. |
| 250 | _a[1ª ed.]. | ||
| 260 |
_aBarcelona : _bLabor, _c[1978] |
||
| 300 |
_aXI, 365 p. : _bil. ; _c20 cm. |
||
| 490 | 1 |
_aNuevos manuales técnicos Labor ; _v46 |
|
| 504 | _aIndices. | ||
| 700 | 1 |
_aPurroy Compte, Joaquín. _994422 |
|
| 700 | 1 |
_aSoliva Gasa, Ramón. _9107222 |
|
| 830 | 0 |
_aNuevos manuales técnicos Labor ; _v46 _9181525 |
|
| 852 |
_aES-MaACL _jA-10413 _bR.99266 |
||
| 852 |
_aES-MaACL _jL-9891 _bR.112141 |
||
| 942 | _2udc | ||
| 999 |
_c92545 _d92545 |
||